|
|
|
|
| LEADER |
00000cam a2200000 a 4500 |
| 001 |
vtls010626403 |
| 003 |
SK-MaSNL |
| 005 |
20260301183308.0 |
| 008 |
240318s2014 xo a grnf 000 0 slo |
| 015 |
|
|
|a SNBA2015/08
|
| 020 |
|
|
|a 9788081092572
|q (brož.)
|
| 035 |
|
|
|a 75B6D0D1-39AA-4E03-92E3-0D54AC4248F5
|
| 035 |
|
|
|a urn:nbn:sk:snk-amk05d
|
| 035 |
|
|
|a urn:nbn:sk:snk-am0087r2
|
| 040 |
|
|
|a SNK
|b slo
|c SNK
|e AACR2
|
| 041 |
1 |
|
|a slo
|h eng
|
| 044 |
|
|
|a xo
|c SK
|
| 072 |
|
7 |
|a 159.92
|x Vývinová psychológia. Psychológia osobnosti
|2 konspekt
|
| 080 |
|
|
|a 159.923.3
|2 2001
|
| 080 |
|
|
|a 159.923.5
|2 2001
|
| 080 |
|
|
|a 17.024.4
|2 2001
|
| 080 |
|
|
|a 005.962.11
|2 2001
|
| 080 |
|
|
|a 331.103
|2 2001
|
| 080 |
|
|
|a (035)
|2 2001
|
| 080 |
|
|
|a 17.02
|2 2001
|
| 100 |
1 |
|
|a Covey, Stephen R.,
|d 1932-2012
|4 aut
|9 154474
|
| 240 |
1 |
0 |
|a First Things First. Copying with the ever-increasing demands of the workplace
|l Slovensky
|
| 245 |
1 |
0 |
|a Najdôležitejšie veci ako prvé
|b ako zosúladiť pracovné povinnosti so životnými prioritami
|c Stephen R. Covey, A. Roger Merrill, Rebecca R. Merrill ; [z anglického originálu ... preložil Martin Polakovič]
|
| 246 |
3 |
1 |
|a First Things First
|
| 260 |
|
|
|a Bratislava
|b Eastone Books
|c 2014
|
| 300 |
|
|
|a 350 s.
|b ilustr., tab.
|c 23 cm
|
| 504 |
|
|
|a Bibliogr.: s. 321-338
|
| 650 |
0 |
7 |
|a sebazdokonaľovanie
|2 SNKPH
|9 16609
|
| 650 |
0 |
7 |
|a rozvoj osobnosti
|2 SNKPH
|9 63298
|
| 650 |
0 |
7 |
|a úspech
|2 SNKPH
|9 3804
|
| 650 |
0 |
7 |
|a manažment času
|2 SNKPH
|9 17101
|
| 650 |
0 |
7 |
|a organizácia práce
|2 SNKPH
|9 2330
|
| 650 |
0 |
7 |
|a životná harmónia
|2 SNKPH
|9 4976
|
| 650 |
0 |
7 |
|a Self-actualization
|2 SNKPHeng
|9 275895
|
| 650 |
0 |
7 |
|a Personality development
|2 SNKPHeng
|9 275896
|
| 650 |
0 |
7 |
|a Succes
|2 SNKPHeng
|9 276243
|
| 650 |
0 |
7 |
|a Time management
|2 SNKPHeng
|9 306450
|
| 650 |
0 |
7 |
|a Organization of Work
|2 SNKPHeng
|9 341092
|
| 650 |
0 |
7 |
|a Harmony of life
|2 SNKPHeng
|9 306452
|
| 655 |
|
7 |
|a príručky
|2 SNKPH
|9 74364
|
| 655 |
|
7 |
|a Handbooks, manuals, etc.
|2 SNKPHeng
|9 90964
|
| 700 |
1 |
|
|a Merrill, Roger A.
|4 aut
|9 558370
|
| 700 |
1 |
|
|a Merrill, Rebecca R.
|4 aut
|9 306454
|
| 700 |
1 |
|
|a Polakovič, Martin,
|d 1985-
|4 trl
|9 335747
|
| 852 |
|
|
|a Štátna vedecká knižnica v Banskej Bystrici
|
| 919 |
|
|
|a 978-80-8109-257-2
|
| 958 |
|
|
|a NB
|
| 958 |
|
|
|a OP
|
| 968 |
|
|
|b ENG
|
| 999 |
|
|
|c 856497
|d 858427
|
| 952 |
|
|
|a SNK
|b SNK
|y PREZ
|7 0
|p 17A1168444
|o snkSC 165560
|i snk2015/21967
|8 0
|0 0
|1 0
|4 0
|d 2015-07-16
|f 1
|l 0
|r 2026-02-24 04:59:19
|w 2026-02-24
|
| 952 |
|
|
|a SNK
|b SNK
|y VYP
|7 0
|p 17A1168445
|o snkSC 165560 D1
|i snk2015/21968
|8 0
|0 0
|1 0
|4 0
|d 2015-07-16
|l 0
|r 2026-02-24 04:59:19
|w 2026-02-24
|